Statistics for Random Math 12x12 Division Grid (20 Sums) (30 Seconds)

Click here to take the quiz!

General Stats

  • This quiz has been taken 183 times
  • The average score is 15 of 20

Answer Stats

SumAnswer% Correct
2÷2=1
100%
40÷4=10
100%
60÷6=10
100%
70÷7=10
100%
44÷4=11
100%
11÷1=11
100%
55÷5=11
100%
48÷4=12
100%
108÷9=12
100%
24÷12=2
100%
33÷11=3
100%
30÷10=3
100%
40÷10=4
100%
44÷11=4
100%
70÷10=7
100%
7÷1=7
100%
48÷6=8
100%
18÷9=2
93%
18÷6=3
92%
3÷1=3
91%
36÷6=6
91%
6÷1=6
91%
132÷11=12
90%
96÷8=12
90%
48÷8=6
90%
24÷2=12
89%
12÷2=6
89%
11÷11=1
88%
1÷1=1
88%
32÷8=4
88%
60÷12=5
88%
56÷7=8
88%
90÷10=9
88%
20÷5=4
86%
15÷3=5
86%
28÷7=4
85%
72÷8=9
85%
12÷12=1
83%
30÷3=10
83%
10÷1=10
83%
22÷2=11
83%
56÷8=7
83%
54÷6=9
83%
9÷1=9
83%
4÷4=1
82%
88÷11=8
82%
10÷10=1
80%
7÷7=1
80%
100÷10=10
80%
20÷2=10
80%
99÷9=11
80%
22÷11=2
80%
20÷10=2
80%
12÷4=3
80%
9÷3=3
80%
4÷1=4
80%
10÷2=5
80%
24÷4=6
80%
28÷4=7
80%
80÷10=8
80%
32÷4=8
80%
8÷1=8
80%
40÷5=8
80%
96÷12=8
80%
36÷4=9
80%
81÷9=9
80%
16÷8=2
79%
132÷12=11
78%
88÷8=11
78%
50÷10=5
78%
40÷8=5
78%
77÷11=7
78%
27÷3=9
78%
72÷9=8
77%
8÷8=1
75%
12÷6=2
75%
6÷3=2
75%
5÷1=5
75%
45÷9=5
75%
30÷5=6
75%
14÷2=7
75%
120÷12=10
73%
6÷2=3
73%
8÷2=4
73%
9÷9=1
71%
6÷6=1
71%
80÷8=10
71%
60÷5=12
71%
14÷7=2
71%
27÷9=3
71%
21÷7=3
71%
18÷3=6
71%
3÷3=1
70%
63÷7=9
70%
110÷11=10
67%
121÷11=11
67%
77÷7=11
67%
120÷10=12
67%
25÷5=5
67%
60÷10=6
67%
63÷9=7
67%
16÷2=8
67%
18÷2=9
67%
99÷11=9
67%
144÷12=12
64%
12÷1=12
64%
24÷8=3
64%
24÷6=4
64%
108÷12=9
64%
5÷5=1
63%
10÷5=2
63%
48÷12=4
63%
35÷7=5
63%
45÷5=9
63%
30÷6=5
62%
66÷6=11
60%
8÷4=2
60%
12÷3=4
60%
110÷10=11
57%
15÷5=3
57%
33÷3=11
56%
36÷3=12
56%
55÷11=5
56%
35÷5=7
56%
42÷6=7
55%
50÷5=10
54%
66÷11=6
54%
21÷3=7
54%
84÷7=12
50%
4÷2=2
50%
20÷4=5
50%
72÷12=6
50%
54÷9=6
50%
64÷8=8
42%
90÷9=10
40%
72÷6=12
40%
36÷9=4
40%
42÷7=6
40%
36÷12=3
38%
16÷4=4
33%
84÷12=7
33%
2÷1=2
29%
49÷7=7
20%
24÷3=8
0%

Score Distribution

Percentile by Number Answered

Percent of People with Each Score

Your Score History

You have not taken this quiz